The noble scholar, jurist, historian


 His Excellency Dr. Abdul Wahhab bin Ibrahim Abu Sulaiman, may Allah have mercy on him.


 He was born in Umm Al-Qura in the year 1356 AH.

حاشية ابن حميد على شرح منتهى الإرادات للبهوتي (ت. 1051 هـ.) : (Record no. 4551)

MARC details
000 -LEADER
fixed length control field 02674cam a22003731ia4500
003 - CONTROL NUMBER IDENTIFIER
control field SA-RiAUC
005 - DATE AND TIME OF LATEST TRANSACTION
control field 20250110153545.0
008 - FIXED-LENGTH DATA ELEMENTS--GENERAL INFORMATION
fixed length control field 250109s2012 ku f 00000 ara c
040 ## - CATALOGING SOURCE
Original cataloging agency SA-JeALM
Language of cataloging ara
Transcribing agency SA-RiAUC
Description conventions rda
082 04 - DEWEY DECIMAL CLASSIFICATION NUMBER
Classification number 258.4
Assigning agency SA-RiAUC
090 ## - LOCALLY ASSIGNED LC-TYPE CALL NUMBER (OCLC); LOCAL CALL NUMBER (RLIN)
Classification number (OCLC) (R) ; Classification number, CALL (RLIN) (NR) 258.4
Local cutter number (OCLC) ; Book number/undivided call number, CALL (RLIN) ا ب ن ح
100 1# - MAIN ENTRY--PERSONAL NAME
Personal name ابن حميد، محمد بن عبد الله،
Dates associated with a name 1236-1295 هجري
Relator term مؤلف.
245 10 - TITLE STATEMENT
Title حاشية ابن حميد على شرح منتهى الإرادات للبهوتي (ت. 1051 هـ.) :
Remainder of title من اول الحاشية الى اخر باب استقبال القبلة / من باب النية إلى آخر باب الولاء /
Statement of responsibility, etc. محمد بن عبد الله بن حميد النجدي ؛ تحقيق يحيى بن عبدالله بن محمد الهلالي الغامدي. سعد بن مريشيد بن رشيد العتيبي
250 ## - EDITION STATEMENT
Edition statement الطبعة الأولى.
264 #1 - PRODUCTION, PUBLICATION, DISTRIBUTION, MANUFACTURE, AND COPYRIGHT NOTICE
Place of production, publication, distribution, manufacture الكويت :
Name of producer, publisher, distributor, manufacturer غراس للنشر والتوزيع،
Date of production, publication, distribution, manufacture, or copyright notice 2012
300 ## - PHYSICAL DESCRIPTION
Extent 2 مجلد ؛
Dimensions 24 سم
336 ## - CONTENT TYPE
Content type term نص
Content type code txt
Source rdacontent
Materials specified كتاب
337 ## - MEDIA TYPE
Media type term بدون وسيط
Media type code n
Source rdamedia
338 ## - CARRIER TYPE
Carrier type term مجلد
Carrier type code nc
Source rdacarrier
500 ## - GENERAL NOTE
General note الأصل أطروحة ماجستير-جامعة أم القرى، كلية الشريعة، قسم الدراسات الإسلامية، 2002.
650 #7 - SUBJECT ADDED ENTRY--TOPICAL TERM
Topical term or geographic name entry element الفقه الحنبلي
Source of heading or term aucsh
700 1# - ADDED ENTRY--PERSONAL NAME
Personal name العتيبي، سعد بن مريشيد بن رشيد
Relator term محقق.
700 12 - ADDED ENTRY--PERSONAL NAME
Personal name البهوتي، منصور بن يونس بن صلاح الدين،
Dates associated with a name 1000-1051 هجري
700 12 - ADDED ENTRY--PERSONAL NAME
Personal name ابن النجار، محمد بن أحمد بن عبد العزيز،
Dates associated with a name 898-972 هجري
700 12 - ADDED ENTRY--PERSONAL NAME
Personal name ابن قدامة، عبد الله بن أحمد،
Dates associated with a name 541-620 هجري
Title of a work المقنع في فقه إمام السنة أحمد بن حنبل الشيباني رضي الله عنه.
700 12 - ADDED ENTRY--PERSONAL NAME
Personal name المرداوي، علي بن سليمان بن أحمد،
Dates associated with a name 817-885 هجري
Title of a work التنقيح المشبع في تحرير أحكام المقنع في فقه إمام السنة أحمد بن حنبل الشيباني.
700 ## - ADDED ENTRY--PERSONAL NAME
Personal name الغامدي، يحيى بن عبدالله بن محمد الهلالي.
Relator term محقق.
740 02 - ADDED ENTRY--UNCONTROLLED RELATED/ANALYTICAL TITLE
Uncontrolled related/analytical title شرح منتهى الإرادات.
740 02 - ADDED ENTRY--UNCONTROLLED RELATED/ANALYTICAL TITLE
Uncontrolled related/analytical title منتهى الإرادات في جمع المقنع مع التنقيح وزيادات.
740 22 - ADDED ENTRY--UNCONTROLLED RELATED/ANALYTICAL TITLE
Uncontrolled related/analytical title المقنع في فقه إمام السنة أحمد بن حنبل الشيباني رضي الله عنه.
740 22 - ADDED ENTRY--UNCONTROLLED RELATED/ANALYTICAL TITLE
Uncontrolled related/analytical title التنقيح المشبع في تحرير أحكام المقنع في فقه إمام السنة أحمد بن حنبل الشيباني.
942 ## - ADDED ENTRY ELEMENTS (KOHA)
Source of classification or shelving scheme Dewey Decimal Classification
Koha item type Books
Suppress in OPAC No
949 ## - LOCAL PROCESSING INFORMATION (OCLC)
a SA-JeALM
d 250109
u osman123
n 1
Holdings
Withdrawn status Lost status Source of classification or shelving scheme Materials specified (bound volume or other part) Damaged status Not for loan Home library Current library Date acquired Total checkouts Full call number Barcode Date last seen Price effective from Koha item type
    Dewey Decimal Classification الجزء الأول     DR AbdElwahab Library DR AbdElwahab Library 01/10/2025   258.4 ا ب ن ح 000007346 01/10/2025 01/10/2025 Books
    Dewey Decimal Classification الجزء الثاني     DR AbdElwahab Library DR AbdElwahab Library 01/10/2025   258.4 ا ب ن ح 000007347 01/10/2025 01/10/2025 Books